America the Beautiful Quarters Quiz Stats

Quiz not verified by Sporcle

Also try: Famous 6 X 6
Challenge
Share
Tweet
Embed
Score 0/56 Timer 10:00
0 Plays Today
State Site % Correct
WyomingYellowstone National Park
90.8%
ArizonaGrand Canyon National Park
90.1%
CaliforniaYosemite National Park
89.3%
ArkansasHot Springs National Park
78.6%
MontanaGlacier National Park
69.5%
MaineAcadia National Park
67.9%
AlaskaDenali National Park
67.2%
UtahArches National Park
66.4%
WashingtonOlympic National Park
65.6%
HawaiiHawaii Volcanoes National Park
64.9%
FloridaEverglades National Park
64.9%
South DakotaMount Rushmore National Memorial
59.5%
TennesseeGreat Smoky Mountains National Park
58%
NevadaGreat Basin National Park
56.5%
OregonMount Hood National Forest
55.7%
PennsylvaniaGettysburg National Military Park
55%
ColoradoGreat Sand Dunes National Park
52.7%
New HampshireWhite Mountain National Forest
50.4%
South CarolinaFort Moultire (Fort Sumter National Monument)
48.9%
MississippiVicksburg National Military Park
46.6%
New MexicoChaco Culture National Historical Park
45%
OklahomaChickasaw National Recreation Area
44.3%
Puerto RicoEl Yunque National Forest
44.3%
MarylandFort McHenry National Monument and Historic Shrine
44.3%
VirginiaShenandoah National Park
44.3%
North DakotaTheodore Roosevelt National Park
43.5%
North CarolinaBlue Ridge Parkway
42.7%
KentuckyCumberland Gap National Historical Park
42%
State Site % Correct
GeorgiaCumberland Island National Seahore
42%
New YorkSaratoga National Historic Park
41.2%
West VirginiaHarpers Ferry National Historical Park
36.6%
OhioPerryas Victory and International Peace Memorial
35.1%
IllinoisShawnee National Forest
33.6%
LouisianaKisatchie National Forest
31.3%
DelawareBombay Hook National Wildlife Refuge
31.3%
MinnesotaVoyageurs National Park
26.7%
NebraskaHomestead National Monument of America
26%
District of ColumbiaFrederick Douglass National Historic Site
26%
Northern Mariana IslandsAmerican Memorial Park
24.4%
IowaEffigy Mounds National Monument
22.9%
New JerseyEllis Island National Monument (Statue of Liberty)
22.9%
MichiganPictured Rocks National Lakeshore
22.1%
AlabamaTuskegee Airmen National Historic Site
22.1%
WisconsinApostle Islands National Lakeshore
21.4%
American SamoaNational Park of American Samoa
21.4%
MissouriOzark National Scenic Riverways
20.6%
TexasSan Antonio Missions National Historical Park
19.8%
IndianaGeorge Rogers Clark National Historical Park
19.1%
ConnecticutWeir Farm National Historic Site
16.8%
VermontMarsh-Billings-Rockefeller National Historical Park
16.8%
MassachusettsLowell National Historical Park
15.3%
Rhode IslandBlock Island National Wildlife Refuge
14.5%
IdahoFrank Church River of No Return Wilderness
13%
KansasTallgrass Prairie National Preserve
13%
GuamWar in the Pacific National Historical Park
12.2%
US Virgin IslandsSalt River Bay National Historical and Ecological Preserve
9.9%

You're not logged in!

Compare scores with friends on all Sporcle quizzes.
Sign Up with Email
OR
Log In

You Might Also Like...

Show Comments

Extras

Top Quizzes Today


Score Distribution

Your Account Isn't Verified!

In order to create a playlist on Sporcle, you need to verify the email address you used during registration. Go to your Sporcle Settings to finish the process.